Biggest Cities on Each Hawaiian Island - Statistics

General Stats
  • This quiz has been taken 48 times
  • The average score is 3 of 6
Answer Stats
island city % Correct
Oahu Honolulu
100%
Hawaiʻi Hilo
92%
Maui Kahului
57%
Lanai Lanai City
49%
Kauai Kapaʻa
32%
Molokai Kualapuʻu
8%
No matching quizzes found
Score Distribution
Percent of People with Each Score
Percentile by Number Answered
Your Score History
You have not taken this quiz